Szczegóły MARC21

Encyklopedia sportów świata. T. 1- /

003 -Nazwa inst., której nr kontr. jest w polu 001 [,]
    • @
    • Nazwa instytucji, której n kontrolny jest w polu 001
    • NUKAT
005 -DATA I CZAS OSTATNIEJ MODYFIKACJI [,]
    • @
    • pole kontrolne
    • 20241231112417.0
020 -Międzynarod. znormalizowany nr książki - ISBN [ , ]
    • a
    • Numer ISBN
    • 9788375521443 Find
040 -Instytucja sporządzająca opis [ , ]
    • a
    • Instytucja, która sporządziła opis (NP)
    • WR 99/TS
    • c
    • Instytucja, która sporządziła rekord (NP)
    • WR 99/TS
    • d
    • Instytucja, która zmodyfikowała rekord (P)
    • POZN U/JRs
    • d
    • Instytucja, która zmodyfikowała rekord (P)
    • WA U/BM
942 -Rodzaj dokumentu [ , ]
    • c
    • Rodzaj dokumentu
    • Książka
100 -Hasło główne - nazwa osobowa [1, ]
    • a
    • Nazwa osobowa (NP)
    • Lipoński, Wojciech
    • d
    • Daty biograficzne (NP)
    • (1942- ).
    • 9
    • KHW
    • 48891
245 -Strefa tytułu i oznaczenia odpowiedzialności [1,0]
    • a
    • Tytuł
    • Encyklopedia sportów świata. Find
    • n
    • Oznaczenie części (P)
    • T. 1- /
    • c
    • Pozostałe elementy strefy tytułu i oznaczenia odpowiedzialności (NP)
    • Wojciech Lipoński, Krzysztof Sawala ; [aut. haseł Renata Chuda et al. ; il. Błażej Tomczak, Przemysław Tomczak, Krzysztof Sawala].
260 -Strefa adresu wydawniczego [ , ]
    • a
    • Miejsce wydania (P)
    • Poznań :
    • b
    • Nazwa wydawcy (P)
    • Oficyna Wydawnicza Atena ;
    • a
    • Miejsce wydania (P)
    • Warszawa :
    • b
    • Nazwa wydawcy (P)
    • Agora,
    • c
    • Data wydania (P)
    • 2008.
300 -Strefa opisu fizycznego [ , ]
    • a
    • Określenie formy książki i/lub objętość (NP)
    • Wol. :
    • b
    • Oznaczenie ilustracji (NP)
    • il. ;
    • c
    • Format (NP)
    • 23 cm +
    • e
    • Oznaczenie dokumentu towarzyszącego (NP)
    • CD-ROMy.
336 -Typ zawartości [ , ]
    • a
    • Termin opisujący typ zawartości
    • Tekst
    • b
    • Kod określający zawartość
    • txt
    • 2
    • Źródło (terminu i kodu)
    • rdacontent
337 -Typ mediów [ , ]
    • a
    • Tryb odtwarzania
    • Bez urządzenia pośredniczącego
    • b
    • Kod typu mediów
    • n
    • 2
    • Źródło (terminu i kodu)
    • rdamedia
338 -Typ/rodzaj nośnika [ , ]
    • a
    • Hasło opisujące typ nośnika
    • Wolumin
    • b
    • Kod typu nośnika
    • nc
    • 2
    • Źródło (terminu i kodu)
    • rdacarrier
490 -Strefa serii i książki wielotomowej - forma nie do wyszukiwania [1, ]
    • a
    • Tytuł (P)
    • Biblioteka Gazety Wyborczej Find
830 -Hasło dodatkowe serii i opisu książki wielotomowej - tytuł ujednolicony/tytuł [ ,0]
    • a
    • Tytuł ujednolicony/tytuł (NP)
    • Biblioteka Gazety Wyborczej
    • 9
    • KHW
    • 22703
500 -Uwaga ogólna [ , ]
    • a
    • Uwaga ogólna (NP)
    • Do każdego tomu dołączona gra komputerowa na płycie CD.
080 -Uniwersalna Klasyfikacja Dziesiętna [ , ]
    • 2
    • Identyfikator wydania tablic
    • UDC-P058
    • a
    • Symbol klasyfikacji
    • 796
    • b
    • Dopowiedzenie
    • Kultura fizyczna. Sport. Gimnastyka.
    • x
    • Poddział wspólny
    • (03)
    • b
    • Dopowiedzenie
    • (Encyklopedie. Słowniki encyklopedyczne. Wydawnictwa informacyjne).
650 -Hasło przedmiotowe [ ,7]
    • a
    • Hasło przedmiotowe
    • Sport
    • v
    • Określnik formalny
    • encyklopedie.
    • 2
    • Źródło terminu
    • kaba
    • 9
    • KHW
    • 351245
980 -Symbol UKD [ , ]
    • a
    • UKD
    • 796(03)
700 -Hasło dodatkowe - nazwa osobowa [1, ]
    • a
    • Nazwa osobowa (NP)
    • Sawala, Krzysztof Find
    • d
    • Daty biograficzne (NP)
    • (1958- ).
    • 9
    • KHW
    • 58244
700 -Hasło dodatkowe - nazwa osobowa [1, ]
    • a
    • Nazwa osobowa (NP)
    • Chuda, Renata. Find
    • 9
    • KHW
    • 717343
700 -Hasło dodatkowe - nazwa osobowa [1, ]
    • a
    • Nazwa osobowa (NP)
    • Tomczak, Błażej. Find
    • e
    • Określenie rodzaju współpracy
    • Il.
    • 9
    • KHW
    • 716342
700 -Hasło dodatkowe - nazwa osobowa [1, ]
    • a
    • Nazwa osobowa (NP)
    • Tomczak, Przemysław. Find
    • e
    • Określenie rodzaju współpracy
    • Il.
    • 9
    • KHW
    • 716343
710 -Hasło dodatkowe - nazwa ciała zbiorowego [2, ]
    • a
    • Nazwa ciała zbiorowego lub nazwa geograficzna jako pierwszy element (NP)
    • Agora (Warszawa).
    • 4
    • Kod relacji
    • pbl
    • 9
    • KHW
    • 53033
920 -ISBN [ , ]
    • a
    • ISBN
    • 978-83-7552-144-3 Find
Status udost. Numer tomu Sygnatura Numer inwentarzowy Uwagi nie widoczne w OPAC Numer porzadkowy Data inwentaryzacji Lokalizacja
1T.9 Na-PeZ.111118Z.111118podr.sport wych.fizyczne encyklop.słowniki92008-06-09BG
1T.1 A-BiZ.110727Z.110727podr.sport wych.fizyczne encyklop.słowniki12008-04-25BG
1T.2 Bi-ChZ.110728Z.110728podr.sport wych.fizyczne encyklop.słowniki22008-04-25BG
1T.3 Ch-Foz.110729Z.110729podr.sport wych.fizyczne encyklop.słowniki32008-04-25BG
1T.4 Fo-Haz.110730Z.110730podr.sport wych.fizyczne encyklop.słowniki42008-04-25BG
1T.5 Ha-JuZ.110731Z.110731podr.sport wych.fizyczne encyklop.słowniki52008-04-25BG
1T.6 Ju-KoZ.110732Z.110732podr.sport wych.fizyczne encyklop.słowniki62008-04-25BG
1T.8 Lo-Myz.110969Z.110969podr.sport wych.fizyczne encyklop.słowniki82008-05-26BG
1T.10 Pe-PłZ.111119Z.111119podr.sport wych.fizyczne encyklop.słowniki102008-06-09BG
1T.11 Pł-RiZ.111120Z.111120podr.sport wych.fizyczne encyklop.słowniki112008-06-09BG
1T.12 Ri-SkZ.111121Z.111121podr.sport wych.fizyczne encyklop.słowniki122008-06-09BG
1T.13 Sk-StZ.111565Z.111565podr.sport wych.fizyczne encyklop.słowniki132008-10-06BG
1T.14 Su-ToZ.111566Z.111566podr.sport wych.fizyczne encyklop.słowniki142008-10-06BG
1T.15 To-WyZ.111567Z.111567podr.sport wych.fizyczne encyklop.słowniki152008-10-06BG
1T.16 Wy-ŻyZ.111568Z.111568podr.sport wych.fizyczne encyklop.słowniki162008-10-06BG
1T.1 A-BiSport słowniki encyklopedie 40WF.8243 12008-04-25BM
1T.9 Na-PeSport słowniki encyklopedie 48WF.8333 92008-06-09BM
1T.2 Bi-ChSport słowniki encyklopedie 41WF.8244 22008-04-25BM
1T.3 Ch-FoSport słowniki encyklopedie 42WF.8245 32008-04-25BM
1T.4 Fo-HaSport słowniki encyklopedie 43WF.8246 42008-04-25BM
1T.5 Ha-JuSport słowniki encyklopedie 44WF.8247 52008-04-25BM
1T.6 Ju-KoSport słowniki encyklopedie 45WF.8248 62008-04-25BM
1T.8 Lo-MySport słowniki encyklopedie 46WF.8274 82008-05-26BM
1T.10 Pe-PłSport słowniki encyklopedie 49WF.8334 102008-06-09BM
1T.11 Pł-RiSport słowniki encyklopedie 50WF.8335 112008-06-09BM
1T.12 Ri-SkSport słowniki encyklopedie 51WF.8336 122008-06-09BM
1T.13 Sk-StSport słowniki encyklopedie 52WF.8380 132008-10-06BM
1T.14 Su-ToSport słowniki encyklopedie 53WF.8381 142008-10-06BM
1T.15 To-WySport słowniki encyklopedie 54WF.8382 152008-10-06BM
1T.16 Wy-ŻySport słowniki encyklopedie 55WF.8383 162008-10-06BM